[Event "Sardinia World Open A"]
[Site "Orosei ITA"]
[Date "2025.04.28"]
[Round "3.11"]
[White "Van der Lende, Ilias"]
[Black "Narayanan, S.L."]
[Result "0-1"]
[WhiteTitle "IM"]
[BlackTitle "GM"]
[WhiteElo "2410"]
[BlackElo "2601"]
[WhiteFideId "1019260"]
[BlackFideId "5058422"]
[EventDate "2025.04.27"]

1. d4 Nf6 2. c4 e6 3. Nc3 Bb4 4. a3 Bxc3+ 5. bxc3 b6 6. f3 Nc6 7. e4 d6 8. Bd3
Na5 9. Ne2 Ba6 10. Ng3 Qd7 11. Bg5 O-O-O 12. c5 Bxd3 13. Qxd3 dxc5 14. Qa6+ Kb8
15. Rb1 Nb7 16. Ne2 e5 17. Be3 Ng8 18. Kf2 f5 19. exf5 Ne7 20. dxc5 Nxf5 21.
cxb6 cxb6 22. Bxb6 axb6 23. Rxb6 e4 24. fxe4 Rhf8 25. Rxb7+ Qxb7 26. Qxb7+ Kxb7
27. Rb1+ Kc7 28. exf5 Rxf5+ 29. Ke1 Rdf8 30. Rb4 Rf1+ 31. Kd2 R1f2 32. Rc4+ Kb6
33. Rb4+ Kc5 34. Ke3 Rxg2 35. Nf4 Re8+ 36. Kf3 Rxh2 37. Nd3+ Kd6 38. Rd4+ Ke7
39. c4 Ra2 40. Ne5 Ke6 41. Rd3 Rf8+ 0-1

[Event "Sardinia World Open A"]
[Site "Orosei ITA"]
[Date "2025.04.28"]
[Round "3.12"]
[White "Samunenkov, Ihor"]
[Black "Adharsh K"]
[Result "1/2-1/2"]
[WhiteTitle "GM"]
[BlackTitle "FM"]
[WhiteElo "2572"]
[BlackElo "2317"]
[WhiteFideId "14187086"]
[BlackFideId "25718207"]
[EventDate "2025.04.27"]

1. d4 Nf6 2. c4 e6 3. Nf3 d5 4. g3 Bb4+ 5. Bd2 Be7 6. Bg2 O-O 7. O-O c6 8. Qc2
b6 9. Ne5 Bb7 10. cxd5 cxd5 11. Rc1 Bd6 12. Na3 a6 13. Nac4 Be7 14. Bf4 Nh5 15.
Nd2 Bd6 16. Be3 Nd7 17. Ndc4 Rc8 18. Qd2 Bb8 19. Qb4 Nhf6 20. Bg5 b5 21. Na5 Qb6
22. Nxd7 Nxd7 23. Nxb7 Qxb7 24. a4 Bc7 25. Bf1 Qb6 26. axb5 axb5 27. Be7 Rfe8
28. e3 Rb8 29. Rc2 h5 30. Rac1 Rb7 31. Rc6 Qa7 32. Bxb5 Ba5 33. Qa4 Rxe7 34. Ra6
Qb8 35. Rxa5 Nb6 36. Qa3 Kh7 37. Bd3+ g6 38. Rb5 Red7 39. b3 Nc8 40. Qf8 Nb6 41.
Qxb8 Rxb8 42. Ra1 Kg7 43. Kf1 Kf6 44. Ke2 Ke7 45. Kd2 Kd6 46. Kc3 Rc7+ 47. Kb2
Rcb7 48. Ra6 Kd7 49. Raa5 Rc7 50. b4 Rcb7 51. Kb3 h4 52. Ra6 hxg3 53. fxg3 g5
54. h4 gxh4 55. gxh4 Kc7 56. Rc5+ Kd7 57. Rb5 Kc7 58. Ra1 Rg8 59. Rc1+ Kd6 60.
h5 Rg3 61. Rh1 Rxe3 62. Kc2 Rg3 63. h6 Rg8 64. Kd2 Kc6 65. Rc5+ Kd6 66. Rb5 Kc6
67. h7 Rh8 68. Ke3 Nc4+ 69. Bxc4 Rxb5 70. Bxb5+ Kxb5 71. Kf4 f6 72. Rh6 1/2-1/2

[Event "Sardinia World Open A"]
[Site "Orosei ITA"]
[Date "2025.04.28"]
[Round "3.13"]
[White "Maldonado Gonzales, Stefano"]
[Black "Stocek, Jiri"]
[Result "1/2-1/2"]
[BlackTitle "GM"]
[WhiteElo "2228"]
[BlackElo "2492"]
[WhiteFideId "28540778"]
[BlackFideId "304760"]
[EventDate "2025.04.27"]

1. e4 c5 2. Nf3 d6 3. d4 cxd4 4. Nxd4 Nf6 5. Nc3 a6 6. Bd3 g6 7. f3 Bg7 8. Be3
Nbd7 9. Qd2 b5 10. a4 b4 11. Na2 d5 12. Nxb4 dxe4 13. fxe4 Ne5 14. Nf3 Nfg4 15.
Nxe5 Nxe5 16. h3 O-O 17. O-O Bb7 18. Rad1 e6 19. b3 Qc7 20. Qe2 Qd6 21. Na2 Rac8
22. Nc1 Qc6 23. Rfe1 Rfd8 24. Kh1 Nxd3 25. cxd3 Rd7 26. Bg1 a5 27. d4 Rcd8 28.
Qb2 Qb6 29. e5 Bd5 30. Nd3 Qxb3 31. Qxb3 Bxb3 32. Ra1 Bd5 33. Nc5 Ra7 34. Rab1
Raa8 35. Rb6 Bh6 36. Re2 Kg7 37. Rc2 Bg5 38. Bf2 h6 39. Kg1 Rdb8 40. Rcb2 Rc8
41. Rc2 Bd8 42. Rb5 Bc6 43. Rbb2 g5 44. Rc3 Kg6 45. Kh2 Bd5 46. Rc1 Rab8 47.
Rcb1 Rxb2 48. Rxb2 Bc6 49. Be1 h5 50. Bd2 h4 51. Be1 Bd5 52. Rb5 Bc6 53. Rb2 Bd5
54. Rb5 Ra8 55. Rb2 f5 56. exf6 Bxf6 57. Bc3 Rc8 58. Rb5 Be7 59. Kg1 g4 60. hxg4
Bg5 61. Rb6 Be3+ 62. Kh2 Kg5 63. Kh3 e5 64. Be1 Rc6 65. Rxc6 Bxc6 66. Ne6+ Kf6
67. Nd8 Bxa4 68. dxe5+ Kxe5 69. Nb7 1/2-1/2

[Event "Sardinia World Open A"]
[Site "Orosei ITA"]
[Date "2025.04.28"]
[Round "3.14"]
[White "Kanyamarala, Trisha"]
[Black "Admiraal, Miguoel"]
[Result "0-1"]
[WhiteTitle "WIM"]
[BlackTitle "IM"]
[WhiteElo "2185"]
[BlackElo "2454"]
[WhiteFideId "45004722"]
[BlackFideId "1019716"]
[EventDate "2025.04.27"]

1. d4 Nf6 2. c4 e6 3. Nf3 d5 4. Nc3 Nbd7 5. cxd5 exd5 6. Bg5 c6 7. Qc2 h6 8. Bh4
g5 9. Bg3 Nh5 10. e3 Nxg3 11. hxg3 Bg7 12. Bd3 Nb6 13. O-O-O Be6 14. Nd2 Qe7 15.
Nb3 O-O-O 16. Nc5 Kb8 17. Qb3 Bf8 18. Rd2 Ka8 19. Rc2 h5 20. N3a4 Qc7 21. Kb1 h4
22. gxh4 gxh4 23. Rhc1 Nxa4 24. Qxa4 Rg8 25. f3 Bxc5 26. dxc5 Qe5 27. Rc3 Rxg2
28. Qxh4 Rdg8 29. Rb3 Bc8 30. Qd4 Qxd4 31. exd4 Rf2 32. Bc2 Rgg2 33. Re3 Rxc2
34. Rh1 Rxb2+ 0-1

[Event "Sardinia World Open A"]
[Site "Orosei ITA"]
[Date "2025.04.28"]
[Round "3.15"]
[White "Balinski, Damian"]
[Black "Favaloro, Andrea"]
[Result "0-1"]
[BlackTitle "IM"]
[WhiteElo "2183"]
[BlackElo "2422"]
[WhiteFideId "1120913"]
[BlackFideId "885940"]
[EventDate "2025.04.27"]

1. e4 Nf6 2. e5 Nd5 3. c4 Nb6 4. d4 d6 5. f4 g6 6. Nc3 Bg7 7. Be3 Be6 8. d5 Bc8
9. c5 N6d7 10. e6 fxe6 11. dxe6 Nxc5 12. f5 O-O 13. fxg6 Bxe6 14. gxh7+ Kh8 15.
Bd4 Nc6 16. Bxg7+ Kxg7 17. b4 Nd7 18. Nf3 Bg4 19. Be2 e5 20. b5 Bxf3 21. Bxf3
Qh4+ 22. g3 Qd4 23. Qxd4 Nxd4 24. Bxb7 Rab8 25. Be4 Nc5 26. O-O-O Nxb5 27. Nxb5
Nxe4 28. Rhe1 Nf2 29. Rd5 c6 30. Rxd6 Rxb5 31. Rd7+ Kh8 32. Kc2 Rc5+ 33. Kb3
Rb8+ 34. Ka4 Rc4+ 35. Ka3 Rc3+ 36. Ka4 Nd3 0-1

[Event "Sardinia World Open A"]
[Site "Orosei ITA"]
[Date "2025.04.28"]
[Round "3.16"]
[White "Gagliardi, Cristian"]
[Black "Dardha, Daniel"]
[Result "0-1"]
[BlackTitle "GM"]
[WhiteElo "2165"]
[BlackElo "2650"]
[WhiteFideId "810665"]
[BlackFideId "240990"]
[EventDate "2025.04.27"]

1. d4 Nf6 2. Bf4 b6 3. Nc3 Bb7 4. f3 a6 5. e4 e6 6. Qd2 d5 7. e5 Nfd7 8. Bg5 Be7
9. Bxe7 Qxe7 10. f4 c5 11. Nf3 Nc6 12. Bd3 O-O 13. O-O f5 14. exf6 Qxf6 15. Ne5
Ndxe5 16. dxe5 Qe7 17. Rf2 Nb4 18. a3 Nxd3 19. cxd3 d4 20. Ne2 h5 21. b4 h4 22.
bxc5 bxc5 23. h3 Bd5 24. Rb1 Qe8 25. Qa5 Rc8 26. Qxa6 Kh7 27. Rbf1 Rc6 28. Qa5
Qg6 29. Qd2 Ra6 30. f5 Rxf5 31. Nf4 Qg5 32. Nxd5 Qxd2 33. Rxd2 Rxf1+ 34. Kxf1
exd5 35. Re2 Kg8 36. Rc2 Rc6 37. Kf2 Kf7 38. Kf3 Ke6 39. Kf4 Rc8 40. a4 c4 41.
dxc4 g5+ 0-1

[Event "Sardinia World Open A"]
[Site "Orosei ITA"]
[Date "2025.04.28"]
[Round "3.17"]
[White "Moroni, Luca Jr"]
[Black "Beliman, Alexandro"]
[Result "1-0"]
[WhiteTitle "GM"]
[WhiteElo "2545"]
[BlackElo "2152"]
[WhiteFideId "865834"]
[BlackFideId "28512413"]
[EventDate "2025.04.27"]

1. d4 Nf6 2. c4 c6 3. Nf3 d5 4. e3 Bf5 5. Nc3 e6 6. Nh4 Bg6 7. Bd2 Nbd7 8. Rc1
Bd6 9. c5 Bc7 10. b4 Bh5 11. Be2 Bxe2 12. Qxe2 e5 13. f4 e4 14. g4 h6 15. O-O
Nf8 16. Be1 Ne6 17. Bg3 Ng8 18. Kg2 Ne7 19. b5 O-O 20. f5 Bxg3 21. hxg3 Ng5 22.
f6 gxf6 23. Rxf6 Kg7 24. Rd6 Qc7 25. Qf2 f6 26. Rf1 Ng8 27. Ne2 Rad8 28. Nf4
Rxd6 29. cxd6 Qd7 30. Nf5+ Kh7 31. Qc2 Nf3 32. Rc1 Rb8 33. Nxd5 cxd5 34. Qc7 1-0

[Event "Sardinia World Open A"]
[Site "Orosei ITA"]
[Date "2025.04.28"]
[Round "3.18"]
[White "Gut, Raphael"]
[Black "Lumachi, Gabriele"]
[Result "0-1"]
[BlackTitle "IM"]
[WhiteElo "2150"]
[BlackElo "2443"]
[WhiteFideId "1339974"]
[BlackFideId "2817247"]
[EventDate "2025.04.27"]

1. d4 d5 2. c4 e6 3. Nc3 Nf6 4. cxd5 exd5 5. Bg5 c6 6. e3 h6 7. Bh4 Be7 8. Bd3
O-O 9. Qc2 Re8 10. Nge2 a5 11. O-O Na6 12. a3 Nc7 13. Rae1 Ne6 14. f3 b5 15. Nb1
Qb6 16. Bf2 Bd7 17. Kh1 c5 18. Qd2 b4 19. e4 c4 20. Bc2 dxe4 21. Bxe4 Rac8 22.
axb4 axb4 23. d5 Nc5 24. Ng3 Bf8 25. Qd4 Bb5 26. Bf5 Rxe1 27. Rxe1 Rd8 28. Ne4
Nfxe4 29. fxe4 Qb7 30. Rd1 Nd3 31. Qb6 Qxb6 32. Bxb6 Rb8 33. Bd4 g6 34. Bg4 Bg7
35. Bxg7 Kxg7 36. Rd2 Ra8 37. Be2 Ra1 38. Bxd3 cxd3 39. Rd1 Ba4 40. Rf1 Rxb1 41.
Rxb1 d2 42. b3 Bxb3 43. d6 Kf8 0-1

[Event "Sardinia World Open A"]
[Site "Orosei ITA"]
[Date "2025.04.28"]
[Round "3.19"]
[White "Markuszewski, Maksymilian"]
[Black "Kanyamarala, Tarun"]
[Result "0-1"]
[BlackTitle "IM"]
[WhiteElo "2147"]
[BlackElo "2386"]
[WhiteFideId "651018306"]
[BlackFideId "45004714"]
[EventDate "2025.04.27"]

1. d4 Nf6 2. c4 e6 3. Nf3 d5 4. Nc3 Be7 5. Bf4 O-O 6. e3 Nbd7 7. c5 Nh5 8. Bd3
Nxf4 9. exf4 b6 10. b4 a5 11. a3 c6 12. O-O Qc7 13. g3 Ba6 14. Bxa6 Rxa6 15. Qe2
Ra7 16. f5 e5 17. dxe5 bxc5 18. b5 d4 19. bxc6 Qxc6 20. Nb5 Rb7 21. a4 Re8 22.
Nd2 Bf8 23. f4 Nb6 24. Rfb1 Qd7 25. Ne4 d3 26. Qg4 Nd5 27. Nbd6 Rxb1+ 28. Rxb1
Qxa4 29. Nxe8 Qxe4 30. f6 Ne3 31. Qh3 d2 32. Ra1 Qd4 33. Rb1 Ng4+ 34. Kg2 Qe4+ 0-1

[Event "Sardinia World Open A"]
[Site "Orosei ITA"]
[Date "2025.04.28"]
[Round "3.20"]
[White "Voiteanu, Gabriel"]
[Black "Noy, Eyal"]
[Result "0-1"]
[WhiteTitle "FM"]
[BlackTitle "FM"]
[WhiteElo "2143"]
[BlackElo "2346"]
[WhiteFideId "1208810"]
[BlackFideId "2821117"]
[EventDate "2025.04.27"]

1. d4 Nf6 2. c4 e6 3. Nf3 b6 4. g3 Bb7 5. Bg2 Be7 6. O-O O-O 7. Nc3 Ne4 8. Qd3
Nxc3 9. bxc3 Nc6 10. h4 h6 11. Nd2 Rc8 12. Nb3 Ba6 13. Bxc6 dxc6 14. a4 Qd7 15.
a5 Ra8 16. Ba3 c5 17. dxc5 Qa4 18. cxb6 Bxa3 19. Nc5 Qxa5 20. Nb3 Qxb6 21. Rxa3
Bb7 22. Qd4 Rfd8 23. Qc5 e5 24. Rfa1 Qg6 25. Qxc7 Qe4 26. f3 Qe3+ 27. Kf1 Bxf3
28. exf3 Qxf3+ 29. Ke1 Rd3 30. Qc5 0-1

[Event "Sardinia World Open A"]
[Site "Orosei ITA"]
[Date "2025.04.28"]
[Round "3.21"]
[White "Fulgentini, Edoardo"]
[Black "Brunello, Marina"]
[Result "1/2-1/2"]
[BlackTitle "IM"]
[WhiteElo "2113"]
[BlackElo "2325"]
[WhiteFideId "28557050"]
[BlackFideId "822590"]
[EventDate "2025.04.27"]

1. e4 c6 2. d4 d5 3. Nc3 dxe4 4. Nxe4 Nf6 5. Nxf6+ exf6 6. c3 Bd6 7. Bd3 O-O 8.
Qc2 Re8+ 9. Ne2 h5 10. O-O h4 11. h3 Nd7 12. Be3 Nf8 13. Rae1 Bd7 14. c4 Rc8 15.
Nc3 Bb8 16. f4 g6 17. Qf2 f5 18. d5 b6 19. Bd4 Bd6 20. dxc6 Rxe1 21. Rxe1 Bxc6
22. c5 Bxc5 23. Bxc5 bxc5 24. Rd1 Qb6 25. Bc4 Qb4 26. Nd5 Bxd5 27. Bxd5 Re8 28.
b3 Qc3 29. Qxh4 Re2 30. a4 Kg7 31. Bc4 Rxg2+ 32. Kxg2 Qc2+ 33. Qf2 Qxd1 34. Qxc5
Qd2+ 35. Qf2 Qd7 36. Qc5 Ne6 37. Qe5+ Kh7 38. Bxe6 fxe6 39. Qe3 a5 40. Qc3 Qd5+
41. Kg3 Qe4 42. Qc7+ Kh6 43. Qc3 Kh7 44. Qc7+ Kh6 1/2-1/2

[Event "Sardinia World Open A"]
[Site "Orosei ITA"]
[Date "2025.04.28"]
[Round "3.22"]
[White "Kalosha, Zhiulien Oleksii"]
[Black "Pecci, William"]
[Result "1-0"]
[WhiteTitle "FM"]
[WhiteElo "2315"]
[BlackElo "2105"]
[WhiteFideId "14183706"]
[BlackFideId "2831940"]
[EventDate "2025.04.27"]

1. e4 e5 2. Nf3 Nc6 3. Bc4 Nf6 4. d3 Bc5 5. O-O d6 6. c3 a6 7. a4 h6 8. Nbd2 Ba7
9. Re1 g5 10. b4 g4 11. Nh4 Nxe4 12. Nxe4 Qxh4 13. d4 f5 14. Ng3 Qf6 15. Nh5 Qg6
16. Nf4 Qg7 17. b5 Na5 18. Nh5 Qg6 19. dxe5 Nxc4 20. exd6+ Kf8 21. dxc7 Kf7 22.
Qd5+ Be6 23. Qxb7 Rhc8 24. Nf4 Qf6 25. Nxe6 Qxc3 26. Nd8+ Kg6 27. Qc6+ Qf6 28.
Qe8+ 1-0

[Event "Sardinia World Open A"]
[Site "Orosei ITA"]
[Date "2025.04.28"]
[Round "3.23"]
[White "Berikkyzy Alanna"]
[Black "Xu, Grant"]
[Result "0-1"]
[WhiteTitle "WFM"]
[BlackTitle "FM"]
[WhiteElo "2103"]
[BlackElo "2304"]
[WhiteFideId "13780719"]
[BlackFideId "2052318"]
[EventDate "2025.04.27"]

1. e4 d5 2. exd5 Nf6 3. Nc3 Nxd5 4. Bc4 e6 5. Qf3 c6 6. Nge2 Nd7 7. d4 N7f6 8.
O-O Nxc3 9. Qxc3 Bd6 10. Qf3 Qc7 11. Bf4 O-O 12. Bxd6 Qxd6 13. Rfe1 b6 14. Rad1
Bb7 15. c3 Rad8 16. h3 Rfe8 17. Bb3 h6 18. Nf4 Qb8 19. Nh5 Nxh5 20. Qxh5 Qf4 21.
Re3 Re7 22. Rde1 c5 23. dxc5 Rd2 24. R3e2 Rxe2 25. Rxe2 Qc1+ 26. Kh2 Qf1 27. f4
Qxf4+ 28. Kg1 Qc1+ 29. Kh2 Qf4+ 30. Kg1 Ba6 31. Re1 Qd2 32. Qe5 bxc5 33. Rd1 Qg5
34. Rd8+ Kh7 35. Bc2+ f5 36. Qxc5 Bb7 37. Qf2 Rf7 38. Rd6 Bd5 39. b3 Qc1+ 40.
Kh2 Qa3 41. Rd8 Qe7 42. Rc8 Qb7 43. Rc5 Qb6 44. c4 Rc7 45. b4 Bxc4 46. a4 Kg8
47. Kg1 Rxc5 48. bxc5 Qc6 49. g4 g6 50. Qe3 Kf7 51. h4 Qd5 52. c6 Qxc6 53. Qxa7+
Ke8 54. a5 Bd5 55. Qb8+ Ke7 56. Qa7+ Kf6 57. g5+ hxg5 58. hxg5+ Kxg5 59. Qe7+
Kf4 60. Qh4+ Ke5 61. Qh2+ Kf6 62. Qh4+ Kg7 63. Qe7+ Kg8 64. a6 Qb6+ 65. Kf1
Qxa6+ 66. Kf2 Qb6+ 67. Ke2 Qb8 68. Qf6 Qe8 69. Kd2 Qf7 70. Qd8+ Kg7 71. Qd6 g5
72. Ba4 f4 73. Qe5+ Qf6 74. Qc7+ Kh6 75. Bc2 Qd4+ 76. Kc1 Be4 77. Bb3 Qa1+ 78.
Kd2 Qb2+ 79. Ke1 Qxb3 80. Qf7 Qc3+ 81. Kf1 Qc1+ 82. Ke2 f3+ 0-1

[Event "Sardinia World Open A"]
[Site "Orosei ITA"]
[Date "2025.04.28"]
[Round "3.24"]
[White "Dalaud, Dorian"]
[Black "Federer, Colin"]
[Result "1/2-1/2"]
[WhiteTitle "FM"]
[WhiteElo "2303"]
[BlackElo "2103"]
[WhiteFideId "36093270"]
[BlackFideId "1345117"]
[EventDate "2025.04.27"]

1. e4 c5 2. Nf3 d6 3. d4 cxd4 4. Nxd4 Nf6 5. Nc3 a6 6. Bg5 Nbd7 7. f3 e6 8. Qd2
Be7 9. O-O-O Qc7 10. Kb1 Nc5 11. Nb3 Bd7 12. Nxc5 Qxc5 13. g4 h6 14. Be3 Qc7 15.
h4 b5 16. Bh3 O-O-O 17. g5 Nh5 18. gxh6 gxh6 19. Bxh6 Rdg8 20. Bg4 Nf6 21. Bg5
b4 22. Ne2 Nxe4 23. fxe4 f6 24. Nd4 fxg5 25. Bxe6 Bxe6 26. Nxe6 Qc4 27. Nd4 gxh4
28. Nf5 Qxe4 29. Qd5 Qxd5 30. Nxe7+ Kb7 31. Nxd5 h3 32. b3 h2 33. Kb2 Rg2 34.
Ne3 Re2 35. Nc4 Rg8 36. Nxd6+ Kc7 37. Nf5 Reg2 38. Rd4 Rf2 39. Rc4+ Kd7 40. Rh4
Rxf5 41. R1xh2 a5 42. Rc4 Rgg5 43. Rh7+ Kd6 44. Rhc7 Rc5 45. Ra7 Rxc4 46. bxc4
Kc6 47. Ra6+ Kc7 48. Rh6 Rg4 49. Rh5 Kb6 50. Rh6+ Kb7 51. Kb3 Rg3+ 52. Ka4 Ra3+
53. Kb5 Rxa2 54. Rh7+ Kc8 55. Rh2 Rb2 56. c5 b3 57. Rh8+ Kc7 58. Rh7+ Kb8 59. c4
Re2 60. Kb6 Re8 61. c6 b2 62. Rb7+ Ka8 63. Ra7+ Kb8 64. Rb7+ Ka8 65. Ka6 Re6 66.
Rxb2 Rxc6+ 67. Kb5 Kb7 68. c5 Rh6 69. Rg2 a4 70. Rg7+ Kc8 71. Rg8+ Kc7 72. Rg7+
Kc8 73. Kxa4 Rh1 74. Kb5 Rh6 75. Ra7 Kb8 76. Ra4 Kb7 77. Rd4 Kc7 78. Rf4 Rg6 79.
Rh4 Kb7 80. Rh7+ Kc8 81. Rh1 Kc7 82. Rh8 Kb7 83. Rh7+ Kc8 84. Kc4 Rg1 85. Kd5
Rg6 86. Re7 Kd8 87. Re6 Rxe6 88. Kxe6 Kc7 89. Kd5 Kd7 90. Kd4 Kc6 91. Kc4 Kc7
92. Kb5 Kb7 93. c6+ Kc7 94. Kc5 Kc8 95. Kd6 Kd8 96. Ke6 Kc7 97. Kd5 Kc8 98. Kc5
Kc7 99. Kb5 Kc8 100. Ka6 Kc7 101. Kb5 Kc8 102. Kb6 Kb8 103. c7+ Kc8 104. Kc6 1/2-1/2

[Event "Sardinia World Open A"]
[Site "Orosei ITA"]
[Date "2025.04.28"]
[Round "3.25"]
[White "Costantino, Claudio Emanuele"]
[Black "Romanishin, Oleg M"]
[Result "1/2-1/2"]
[BlackTitle "GM"]
[WhiteElo "2096"]
[BlackElo "2291"]
[WhiteFideId "28505697"]
[BlackFideId "14100088"]
[EventDate "2025.04.27"]

1. e4 e5 2. Nf3 Nc6 3. Bc4 Nf6 4. d4 exd4 5. e5 Ne4 6. Qe2 Nc5 7. O-O Be7 8. Rd1
d5 9. exd6 Qxd6 10. b4 Ne6 11. b5 Na5 12. Ba3 Qb6 13. Bxe6 Bxe6 14. Bxe7 Kxe7
15. Nxd4 Rhd8 16. Qe4 Qc5 17. Rd3 Nc4 18. Nxe6 fxe6 19. Qh4+ Ke8 20. Nc3 Rxd3
21. cxd3 Nd6 22. Ne4 Qe5 23. Nxd6+ cxd6 24. d4 Qf5 25. Qg3 Qf6 26. Qxd6 Rd8 27.
Qc7 Qxd4 28. Re1 Rd7 29. Qc2 Qd3 30. Rxe6+ Kf7 31. Qxd3 Rxd3 32. Re1 Rd2 33. Ra1
Ke6 34. g3 g5 35. b6 axb6 1/2-1/2

[Event "Sardinia World Open A"]
[Site "Orosei ITA"]
[Date "2025.04.28"]
[Round "3.26"]
[White "Floris, Federico"]
[Black "Ypma, Peter"]
[Result "1-0"]
[BlackTitle "FM"]
[WhiteElo "2096"]
[BlackElo "2288"]
[WhiteFideId "898287"]
[BlackFideId "1027255"]
[EventDate "2025.04.27"]

1. e4 c5 2. Nf3 Nc6 3. d4 cxd4 4. Nxd4 Qb6 5. Nb3 g6 6. Be3 Qb4+ 7. Nc3 Bg7 8.
Qd2 Bxc3 9. bxc3 Qxe4 10. c4 Nf6 11. f3 Qe5 12. O-O-O Qc7 13. c5 b6 14. Bh6 Rg8
15. Bg5 Nh5 16. Bc4 Ng7 17. Bf4 e5 18. Rhe1 Ne6 19. Bg3 g5 20. Bd5 f6 21. f4
gxf4 22. Bh4 Rg6 23. g3 fxg3 24. hxg3 Ng5 25. Rf1 Ba6 26. Rxf6 Rg7 27. Bxg5
O-O-O 28. Rxc6 dxc6 29. Be6+ Rdd7 30. Bf6 Kb7 31. Qxd7 Rxd7 32. Rxd7 1-0

[Event "Sardinia World Open A"]
[Site "Orosei ITA"]
[Date "2025.04.28"]
[Round "3.27"]
[White "Mela, Francesco"]
[Black "Haver, Bas"]
[Result "0-1"]
[BlackTitle "FM"]
[WhiteElo "2089"]
[BlackElo "2281"]
[WhiteFideId "28561023"]
[BlackFideId "1039849"]
[EventDate "2025.04.27"]

1. e4 c5 2. Nc3 Nc6 3. Bb5 Nd4 4. Nf3 a6 5. Bd3 g6 6. b4 d6 7. Rb1 Bg7 8. bxc5
dxc5 9. Ba3 Qa5 10. Nxd4 Bxd4 11. Bb2 Nf6 12. O-O Be6 13. Be2 h5 14. Bf3 Rd8 15.
Qe2 Qc7 16. Nd5 Nxd5 17. exd5 Bxd5 18. Bxd4 cxd4 19. Rb4 O-O 20. Rfb1 b5 21. a4
a5 22. Rxb5 Bc4 23. Qe4 Bxb5 24. axb5 Rb8 25. Qxd4 Qxc2 26. Be4 Rbd8 27. Qe5
Qxd2 28. h3 Qd4 29. Qxd4 Rxd4 30. Bc6 Rfd8 31. Rb3 a4 32. Ra3 Rb4 33. Kh2 Rd2
34. Kg1 Rd1+ 35. Kh2 Rd2 36. Kg1 e6 37. Ra1 Rdb2 38. Ra3 R2b3 39. Ra2 Rb1+ 40.
Kh2 R1b2 41. Ra1 Rxf2 42. Kg3 Rfb2 43. Kf3 e5 0-1

[Event "Sardinia World Open A"]
[Site "Orosei ITA"]
[Date "2025.04.28"]
[Round "3.28"]
[White "Urbani, Gabriel"]
[Black "Rubinshtein, Kamilla"]
[Result "1-0"]
[WhiteTitle "FM"]
[WhiteElo "2277"]
[BlackElo "2058"]
[WhiteFideId "2830138"]
[BlackFideId "2838708"]
[EventDate "2025.04.27"]

1. e4 c6 2. d4 d5 3. e5 Bf5 4. h4 h5 5. Bd3 Qd7 6. Ne2 Bxd3 7. Qxd3 c5 8. c4
dxc4 9. Qxc4 e6 10. dxc5 Qc6 11. O-O Bxc5 12. Qf4 Ne7 13. Nbc3 Ng6 14. Qg3 Nd7
15. Bf4 Be7 16. Nd4 Qb6 17. Nf3 Qxb2 18. Ne4 Qb4 19. Rfe1 Nc5 20. Nfg5 Rd8 21.
Rab1 Nxe4 22. Nxe4 Qa5 23. Bg5 Bxg5 24. Nxg5 Ne7 25. Nf3 Nf5 26. Qg5 b6 27. Red1
Rd5 28. Rbc1 Kd7 29. Qf4 Rc8 30. Rxd5+ Qxd5 31. Qa4+ b5 32. Qxa7+ Kd8 33. Rxc8+
Kxc8 34. Qxf7 Qc4 35. Qxh5 Kd7 36. Qf7+ Kc6 37. Qe8+ Kb6 38. Qb8+ Ka5 39. g3 Qe2
40. Qa7+ Kb4 41. a3+ Kb3 42. Kg2 Qe4 43. Qc5 Nxh4+ 44. gxh4 Qg4+ 45. Kf1 Qxf3
46. Qxb5+ Kxa3 47. Qa6+ Kb4 48. Qd6+ Kb5 49. Qxe6 Qh1+ 50. Ke2 Qe4+ 51. Kd2 Qd4+
52. Kc2 Qxf2+ 53. Kd3 Qf3+ 54. Kd4 Qf2+ 55. Kd5 Qd2+ 56. Ke4 Qc2+ 57. Kf4 Qd2+
58. Kg4 Qg2+ 59. Kh5 Qg3 60. Qg4 Qxe5+ 61. Qg5 Qxg5+ 62. Kxg5 Kc6 63. Kg6 Kd7
64. Kxg7 1-0

[Event "Sardinia World Open A"]
[Site "Orosei ITA"]
[Date "2025.04.28"]
[Round "3.29"]
[White "Shvedova, Alexandra"]
[Black "Deboushnik De"]
[Result "1/2-1/2"]
[WhiteTitle "WFM"]
[WhiteElo "2266"]
[BlackElo "2038"]
[WhiteFideId "54154782"]
[BlackFideId "25768778"]
[EventDate "2025.04.27"]

1. e4 c6 2. d4 d5 3. e5 c5 4. dxc5 e6 5. Nf3 Bxc5 6. Bd3 Nc6 7. O-O Nge7 8. a3
a6 9. b4 Ba7 10. Re1 Ng6 11. Bb2 O-O 12. Qd2 Bd7 13. a4 Bb8 14. Na3 Qb6 15. b5
Nce7 16. Bd4 Qd8 17. h4 f6 18. Qc3 f5 19. Qd2 Nc8 20. h5 Nh4 21. Qf4 Nxf3+ 22.
Qxf3 axb5 23. Nxb5 Na7 24. Bc5 Rf7 25. Nd6 Bxd6 26. Bxd6 Nc8 27. Qf4 Bc6 28. Bc5
b6 29. Bd4 Rfa7 30. Re3 Rxa4 31. Rxa4 Rxa4 32. Rg3 Be8 33. Be2 Qe7 34. Kh2 Na7
35. c3 b5 36. Bd1 Ra1 37. Bf3 Nc6 38. Rh3 Nxd4 39. Qxd4 Ra4 40. Qb6 Rh4 41. Be2
Rxh3+ 42. Kxh3 Qd7 43. g4 g6 44. Qe3 Qe7 1/2-1/2

[Event "Sardinia World Open A"]
[Site "Orosei ITA"]
[Date "2025.04.28"]
[Round "3.30"]
[White "Felix, Raphael"]
[Black "Zakin, Ilay"]
[Result "0-1"]
[WhiteTitle "CM"]
[BlackTitle "FM"]
[WhiteElo "2038"]
[BlackElo "2254"]
[WhiteFideId "14339544"]
[BlackFideId "2848279"]
[EventDate "2025.04.27"]

1. e4 c5 2. Nf3 d6 3. d4 cxd4 4. Nxd4 Nf6 5. Nc3 a6 6. h3 e5 7. Nde2 h5 8. g3
Be7 9. Bg2 O-O 10. g4 b5 11. gxh5 Nxh5 12. Nd5 Bh4 13. Be3 Bb7 14. Bf3 Nf6 15.
Bb6 Qd7 16. Nxf6+ Bxf6 17. Qd2 d5 18. exd5 e4 19. Bxe4 Re8 20. Bg2 Qd6 21. Be3
Bxb2 22. Rb1 Be5 23. O-O Nd7 24. Nd4 Bxd5 25. Nf3 Qc6 26. Nxe5 Rxe5 27. f3 Rae8
28. Rbe1 Qg6 29. Kh1 Qh5 30. Bd4 Rxe1 31. Rxe1 Rxe1+ 32. Qxe1 Bxf3 33. Qg3 Bxg2+
34. Qxg2 f6 35. c3 Nf8 36. Kh2 Qf5 37. Qd2 Ne6 38. Be3 Qe4 39. Qd7 Qe5+ 40. Kh1
Qe4+ 41. Kh2 Kh7 42. Qd2 f5 43. Qf2 Qe5+ 44. Kh1 f4 45. Bd4 Qe4+ 46. Kh2 Kg8 47.
h4 f3 48. Be3 Nc7 49. Bd4 b4 50. cxb4 Nd5 51. a3 Qg4 52. Be5 Ne3 53. Bg3 Qe4 54.
Qd2 Nf1+ 0-1

[Event "Sardinia World Open A"]
[Site "Orosei ITA"]
[Date "2025.04.28"]
[Round "3.32"]
[White "Alaime, Maxime"]
[Black "Hercegovac, Neven"]
[Result "0-1"]
[BlackTitle "FM"]
[WhiteElo "2029"]
[BlackElo "2238"]
[WhiteFideId "36045403"]
[BlackFideId "2839135"]
[EventDate "2025.04.27"]

1. Nf3 d6 2. g3 e5 3. e4 Nf6 4. Nc3 Be7 5. Bg2 O-O 6. O-O c5 7. d3 Nc6 8. h3 a6
9. Nh4 Re8 10. f4 b5 11. Nf5 b4 12. Nxe7+ Nxe7 13. Ne2 Bb7 14. g4 exf4 15. Bxf4
Qb6 16. Qd2 d5 17. Bg5 Nd7 18. Ng3 dxe4 19. Nxe4 Nd5 20. Qf2 f6 21. Rae1 fxg5
22. Qf7+ Kh8 23. Qxd7 c4+ 24. Nf2 Bc6 25. Qd6 Red8 26. Qe6 Rac8 27. Qf5 Ne3 28.
Rxe3 Qxe3 29. Bxc6 Rxc6 30. Kg2 cxd3 31. Nxd3 Rxc2+ 32. Nf2 Rxb2 33. Qa5 Rf8 0-1